Top 10 Biggest States by Area - Statistics

General Stats
  • This quiz has been taken 12 times
  • The average score is 6 of 10
Answer Stats
Hint Answer % Correct
665,348 mi Alaska
100%
147,040 mi Montana
100%
268,596.5 mi Texas
100%
163,696 mi California
86%
113,990 mi Arizona
71%
121,590 mi New Mexico
57%
110,572 mi Nevada
43%
104,094 mi Colorado
14%
98,379 mi Oregon
14%
97,813 mi Wyoming
14%
No matching quizzes found
Score Distribution
Percent of People with Each Score
Percentile by Number Answered
Your Score History
You have not taken this quiz